000 03235nam a2200289 i 4500
005 20250611205815.0
007 ta
008 200622s2025 000 0 eng d
040 _aCO-CtgCURN
_bspa
_ccoctgcurn
_erda
082 0 _aCOP 2025
_bR936
100 1 _aRumie Reales, Diego Andres,
_eauthor.
_4aut
245 1 3 _aLa responsabilidad del revisor fiscal en la implementación de buenas prácticas financieras en empresas colombianas /
_cDiego Andres Rumie Reales; Sael de Jesus Leon Julio; Yojan Orozco Paez; asesor: José Castro Hernández.
260 _aCartagena de Indias :
_bCorporación Universitaria Rafael Núñez,
_c2025.
300 _a25 hojas.
336 _atext
_btxt
_2rdacontent
337 _aunmediated
_bn
_2rdamedia
338 _avolume
_bnc
_2rdacarrier
502 _aTrabajo de grado (Contador público). Corporación Universitaria Rafael Núñez. Facultad de Ciencias Administrativas y Contables. Programa de Contaduría Pública, 2025.
520 8 _a"Este trabajo de investigación analiza la responsabilidad del revisor fiscal en la implementación de buenas prácticas financieras en empresas colombianas, poniendo especial énfasis en su influencia sobre la transparencia y la calidad de la información contable. El estudio se centra en el período de los últimos diez años y se focaliza en empresas medianas y grandes de la región Caribe, considerando el contexto normativo y regulatorio vigente en el país, que incluye disposiciones de la Ley 43 de 1990, la Ley 222 de 1995, la Ley 2195 de 2022 y las Normas Internacionales de Información Financiera (NIIF).Con un enfoque cualitativo y descriptivo, la investigación se sustenta en una exhaustiva revisión documental y en el análisis de casos prácticos, permitiendo identificar los principales desafíos que enfrentan los revisores fiscales en la aplicación de normativas contables y en el fortalecimiento de los sistemas de control interno. Entre estos desafíos destacan la necesidad de una actualización y capacitación continua, así como la incorporación de tecnologías emergentes que faciliten la auditoría automatizada y el análisis en tiempo real.Los resultados esperados apuntan a la elaboración de un marco teórico sólido, el desarrollo de una guía práctica con recomendaciones estratégicas para optimizar la labor del revisor fiscal, y la generación de propuestas que contribuyan a mejorar la transparencia y la estabilidad financiera de las empresas. En conjunto, esta investigación pretende aportar al enriquecimiento del conocimiento académico y profesional en el ámbito de la contabilidad y las finanzas, impulsando mejoras significativas en la práctica contable y en la formulación de políticas públicas en Colombia"
650 0 _aContaduría pública
_xTesis y disertaciones académicas.
700 1 _aLeon Julio, Sael de Jesus .
700 1 _aOrozco Paez, Yojan.
700 1 _aCastro Hernández, José,
_easesor.
856 7 _uhttps://unicurn.sharepoint.com/:b:/s/biblioteca/EbNO8SAOUlZPqLcZ0pDRchkB87a2PVM_NzVbbmc-L2b3qw?e=P68kk8
_zClick para ver el recurso en texto completo
942 _2ddc
_aMHC
_bMHC
_cTG
_hCOP 2025
_iR936
999 _c48975
_d48975